MARC

LEADER 00000naa0a2200000 4500
001 601975
005 20250905134043.0
035 |a (RuTPU)RU\TPU\tpu\27185 
035 |a RU\TPU\tpu\27091 
090 |a 601975 
100 |a 20150426d2012 k y0rusy50 ca 
101 0 |a rus 
102 |a UA 
200 1 |a Развитие навыков детей с ограниченными возможностями при помощи бисероплетения  |f Е. Л. Косовец, К. Н. Орлова 
333 |a В фонде НТБ ТПУ отсутствует 
463 1 |t Аспект  |o Воздействие социальной среды на воспитание и формирование личности: классические и инновационные подходы к изучению проблематики  |o материалы I Международной научно-практической конференции, Донецк, 20-21 декабря 2012 г.  |v С. 109-111  |d 2012 
610 1 |a труды учёных ТПУ 
610 1 |a дети с ограниченными возможностями 
610 1 |a навыки 
610 1 |a развитие 
610 1 |a бисероплетение 
700 1 |a Косовец  |b Е. Л. 
701 1 |a Орлова  |b К. Н.  |c физик  |c доцент Юргинского технологического института (филиала) Томского политехнического университета, кандидат технических наук  |f 1985-  |g Ксения Николаевна  |3 (RuTPU)RU\TPU\pers\28212  |9 13166 
712 0 2 |a Национальный исследовательский Томский политехнический университет (ТПУ)  |b Юргинский технологический институт (филиал) (ЮТИ)  |b Кафедра естественного научного образования (ЕНО)  |3 (RuTPU)RU\TPU\col\18894 
712 0 2 |a Национальный исследовательский Томский политехнический университет (ТПУ)  |b Юргинский технологический институт (филиал) (ЮТИ)  |b Кафедра безопасности жизнедеятельности, экологии и физического воспитания (БЖДЭФВ)  |3 (RuTPU)RU\TPU\col\18930 
801 2 |a RU  |b 63413507  |c 20150426  |g RCR 
942 |c BK